Loading...

Women,work and marriage in urban India: a study of dual and single-earner couples

Bibliographic Details
Main Author: Ramu, G N
Format: Printed Book
Language:Undetermined
Published: New Delhi Saga Publications 1989
LEADER 00550nam a2200133Ia 4500
008 161229s9999 xx 000 0 und d
082 |a 305.4 RAM/WO 
100 |a Ramu, G N 
245 |a Women,work and marriage in urban India: a study of dual and single-earner couples 
260 |b Saga Publications  |a New Delhi  |c 1989 
300 |a 206 
942 |c BK 
999 |c 152023  |d 152023 
952 |0 0  |1 0  |4 0  |6 305_400000000000000_RAMWO  |7 0  |9 151082  |a KAUCLV  |b KAUCLV  |d 2016-12-29  |g 175.00  |o 305.4 RAM/WO  |p 903332  |r 2016-12-29  |w 2016-12-29  |y BK  |z Book transferred from CCBM Library ,Acc.No:2197